000 00386nam a2200133Ia 4500
008 100328s9999 xx 000 0 und d
082 _b36305
100 _aपवार जयंत
245 _aवंश (पाऊलखुणा)
260 _bअभिनव
630 _aवंश (पाऊलखुणा)
730 _aवंश (पाऊलखुणा)
942 _cBOOK
999 _c526003
_d526000